000 00816nam a2200265 a 4500
001 61549
003 BD-RjUL
005 20211209080957.0
008 170119s2000 enk b 001 0 eng
020 _a0070275556
035 _a(BD-RjUL)61673
040 _aDLC
_cDLC
_dBD-RjUL
_beng
041 _aeng
082 0 0 _a658.81
_223
_bSAL 2000
245 1 0 _aSales force management /
_cGilbert A. Churchill ... [et al.].
250 _a6th ed.
260 _aBoston, Mass. :
_bIrwin/McGraw-Hill,
_cc2000.
300 _axxiv, 727 p. :
_bill. ;
_c26 cm.
504 _aIncludes bibliographical references and index.
650 0 _aSales management.
_9182641
700 1 _aChurchill, Gilbert A.
_9183402
942 _2ddc
_cBK
999 _c61549
_d61549